00630nam a2200181 a 45000010005000000030005000050050017000100080041000270400026000681000028000942450113001222600070002353000011003054900025003164900026003416500048003676500033004152241CDMR20131104154130.0130130s1969||||||||||||||||||||||||||||d aCDMRbcatcCPC GIRONA1 aSommerlad, Ernest Lloyd13aLa prensa en los países en desarrollocE. Lloyd Sommerlad ; traducción al español por Agustín Contin c1969bUnión Tipográfica Editorial Hispano AmericanaaMéxico a296 p.0 aManuales UTEHA.v3740 aCiencias Socialesv1404aPremsazPaïsos en vies de desenvolupament04aPeriodismexAspectes socials